[Event "Bundesliga 2021-22"]
[Site "Viernheim GER"]
[Date "2022.05.15"]
[Round "8.8"]
[Board "6"]
[White "Sarbok, Torsten"]
[Black "Wagner, Dennis"]
[Result "1/2-1/2"]
[WhiteTitle "FM"]
[BlackTitle "GM"]
[WhiteElo "2325"]
[BlackElo "2584"]
[WhiteTeam "SK Koenig Tegel"]
[BlackTeam "SC Viernheim"]
[WhiteFideId "4630068"]
[BlackFideId "24650684"]
[EventDate "2022.03.05"]

1. e4 e5 2. Nf3 Nc6 3. Bc4 Nf6 4. d3 Bc5 5. c3 d6 6. O-O a5 7. a4 h6 8. Na3 O-O
9. Nc2 Be6 10. Bxe6 fxe6 11. Be3 Bxe3 12. Nxe3 d5 13. Qc2 Qd6 14. Rad1 Rf7 15.
Nd2 Nd7 16. Kh1 Nb6 17. f3 Rd8 18. exd5 exd5 19. Rde1 Rf4 20. g3 Rf7 21. Ng2
Rdf8 22. f4 Nd7 23. Nf3 d4 24. cxd4 Nxd4 25. Nxd4 exd4 26. Kg1 Nc5 27. Qc4 Kh7
28. Nh4 b6 29. f5 Rd7 30. Ng6 Ra8 31. Re5 Qf6 32. Rfe1 Qf7 33. Qc2 Rd5 34. Qc4
Rd7 35. Qc2 Rd5 36. Qc4 1/2-1/2

[Event "Bundesliga 2021-22"]
[Site "Viernheim GER"]
[Date "2022.05.15"]
[Round "8.8"]
[Board "7"]
[White "Maze, Sebastien"]
[Black "Rietze, Clemens"]
[Result "1-0"]
[WhiteTitle "GM"]
[BlackTitle "FM"]
[WhiteElo "2527"]
[BlackElo "2279"]
[WhiteTeam "SC Viernheim"]
[BlackTeam "SK Koenig Tegel"]
[WhiteFideId "613762"]
[BlackFideId "24620351"]
[EventDate "2022.03.05"]

1. d4 Nf6 2. Nf3 d5 3. c4 e6 4. Nc3 Bb4 5. Qa4+ Nc6 6. a3 Bxc3+ 7. bxc3 O-O 8.
Bg5 h6 9. Bh4 g5 10. Bg3 Ne4 11. e3 Nxc3 12. Qc2 Ne4 13. Nd2 Nxg3 14. hxg3 Kg7
15. f4 Rh8 16. Bd3 Bd7 17. Qc3 Qf6 18. Nf3 Rag8 19. Rb1 b6 20. Rc1 g4 21. Ne5
Nxe5 22. dxe5 Qe7 23. cxd5 Rc8 24. Ba6 Rcd8 25. f5 Qg5 26. O-O h5 27. Rf4 h4 28.
e4 hxg3 29. Qxg3 exf5 30. Rcf1 Rh4 31. exf5 Rdh8 32. e6 Be8 33. Be2 Kf8 34. Bxg4
Bb5 35. Rd1 Be2 36. Rdd4 Rg8 37. d6 cxd6 38. e7+ Qxe7 39. f6 Qc7 40. Qxh4 Qc1+
41. Kh2 1-0

[Event "Bundesliga 2021-22"]
[Site "Viernheim GER"]
[Date "2022.05.15"]
[Round "8.8"]
[Board "8"]
[White "Dimitrijeski, Kristian"]
[Black "Heinemann, Josefine"]
[Result "1/2-1/2"]
[WhiteTitle "CM"]
[BlackTitle "WGM"]
[WhiteElo "2137"]
[BlackElo "2290"]
[WhiteTeam "SK Koenig Tegel"]
[BlackTeam "SC Viernheim"]
[WhiteFideId "4627229"]
[BlackFideId "12900460"]
[EventDate "2022.03.05"]

1. e4 c5 2. Nf3 d6 3. Bb5+ Nd7 4. O-O a6 5. Bxd7+ Bxd7 6. d4 cxd4 7. Qxd4 Nf6 8.
c4 Bc6 9. Nc3 e6 10. Bg5 Be7 11. Rad1 O-O 12. Rfe1 Qa5 13. Nd5 Bxd5 14. exd5 e5
15. Qd2 Qxa2 16. Bxf6 Bxf6 17. Qb4 a5 18. Qxd6 Qxc4 19. Nxe5 Bxe5 20. Qxe5 Qb5
21. Qd4 Rfe8 22. Rxe8+ Rxe8 23. d6 Qb4 24. Qxb4 axb4 25. Kf1 f6 26. Rd4 Rd8 27.
Rxb4 Rd7 28. Ke2 1/2-1/2

[Event "Bundesliga 2021-22"]
[Site "Hamburg GER"]
[Date "2022.05.28"]
[Round "9.1"]
[Board "1"]
[White "Postny, Evgeny"]
[Black "Svane, Rasmus"]
[Result "1/2-1/2"]
[WhiteTitle "GM"]
[BlackTitle "GM"]
[WhiteElo "2568"]
[BlackElo "2637"]
[WhiteTeam "BCA Augsburg"]
[BlackTeam "Hamburger SK"]
[WhiteFideId "2804344"]
[BlackFideId "4657101"]
[EventDate "2022.03.05"]

1. c4 Nf6 2. Nc3 e5 3. Nf3 Nc6 4. e4 Bb4 5. d3 d6 6. a3 Bc5 7. b4 Bb6 8. Na4 Bg4
9. Nxb6 axb6 10. Bb2 O-O 11. Be2 Ne7 12. Nh4 Bxe2 13. Qxe2 Qd7 14. f4 Ng6 15.
Nxg6 fxg6 16. O-O exf4 17. Rxf4 Nh5 18. Rxf8+ Rxf8 19. g3 Qh3 20. Rf1 Rxf1+ 21.
Qxf1 Qg4 22. Kg2 Qg5 23. Qf2 Qg4 24. Qf3 Qg5 25. Qf2 Qg4 26. Qf1 Qg5 1/2-1/2

[Event "Bundesliga 2021-22"]
[Site "Hamburg GER"]
[Date "2022.05.28"]
[Round "9.1"]
[Board "2"]
[White "Engel, Luis"]
[Black "Prusikin, Michael"]
[Result "1/2-1/2"]
[WhiteTitle "GM"]
[BlackTitle "GM"]
[WhiteElo "2564"]
[BlackElo "2541"]
[WhiteTeam "Hamburger SK"]
[BlackTeam "BCA Augsburg"]
[WhiteFideId "12961523"]
[BlackFideId "4642325"]
[EventDate "2022.03.05"]

1. e4 e6 2. d4 d5 3. Nd2 c5 4. exd5 Qxd5 5. dxc5 Nf6 6. Ngf3 Qxc5 7. Bd3 Be7 8.
Qe2 Nbd7 9. a4 Qc7 10. O-O Nd5 11. Bc4 Nf4 12. Qe3 O-O 13. g3 Nd5 14. Bxd5 Bc5
15. Qg5 h6 16. Qh4 exd5 17. Nb3 Bd6 18. Nbd4 Ne5 19. Nxe5 Bxe5 20. c3 Bf6 21.
Qf4 Qxf4 1/2-1/2

[Event "Bundesliga 2021-22"]
[Site "Hamburg GER"]
[Date "2022.05.28"]
[Round "9.1"]
[Board "3"]
[White "Nestorovic, Nikola"]
[Black "Lampert, Jonas"]
[Result "0-1"]
[WhiteTitle "GM"]
[BlackTitle "GM"]
[WhiteElo "2456"]
[BlackElo "2542"]
[WhiteTeam "BCA Augsburg"]
[BlackTeam "Hamburger SK"]
[WhiteFideId "934526"]
[BlackFideId "1303759"]
[EventDate "2022.03.05"]

1. e4 e5 2. Nf3 Nc6 3. Nc3 Nf6 4. d4 exd4 5. Nxd4 Bc5 6. Nxc6 bxc6 7. Bd3 d6 8.
h3 Nd7 9. O-O Ne5 10. Na4 Bb6 11. Be2 O-O 12. c4 Re8 13. b4 Nd7 14. Bb2 Bb7 15.
Qb3 c5 16. Qg3 f6 17. Bh5 Rf8 18. b5 Bxe4 19. Rfe1 Bb7 20. Re3 Ba5 21. Nc3 Ne5
22. Rae1 g6 23. f4 Nxc4 24. Bxg6 Nxe3 25. Rxe3 Kh8 26. Bxh7 Rf7 27. Bg6 Rg7 28.
Qh4+ Kg8 29. f5 d5 30. Ne2 d4 31. Rg3 Be1 32. Nf4 Bxg3 33. Qxg3 Qd6 34. Qh4 Rf8
35. Bc1 d3 36. Bd2 c4 37. Qf2 Qe5 38. Qxa7 c3 0-1

[Event "Bundesliga 2021-22"]
[Site "Hamburg GER"]
[Date "2022.05.28"]
[Round "9.1"]
[Board "4"]
[White "Svane, Frederik"]
[Black "Rozentalis, Eduardas"]
[Result "1/2-1/2"]
[WhiteTitle "IM"]
[BlackTitle "GM"]
[WhiteElo "2496"]
[BlackElo "2539"]
[WhiteTeam "Hamburger SK"]
[BlackTeam "BCA Augsburg"]
[WhiteFideId "12923044"]
[BlackFideId "12800023"]
[EventDate "2022.03.05"]

1. e4 e5 2. Nf3 Nf6 3. Nc3 Nc6 4. Bb5 Bb4 5. O-O O-O 6. d3 d6 7. Ne2 a6 8. Bxc6
bxc6 9. Ng3 h6 10. c3 Bc5 11. d4 exd4 12. cxd4 Bb6 13. h3 Re8 14. Re1 Bd7 15.
Bd2 c5 16. e5 Nh7 17. dxc5 Bxc5 18. Ne4 Bb6 19. exd6 Bc6 20. Qc2 Bxe4 21. Rxe4 1/2-1/2

[Event "Bundesliga 2021-22"]
[Site "Hamburg GER"]
[Date "2022.05.28"]
[Round "9.1"]
[Board "5"]
[White "Stankovic, Milos"]
[Black "Ftacnik, Lubomir"]
[Result "1-0"]
[WhiteTitle "IM"]
[BlackTitle "GM"]
[WhiteElo "2435"]
[BlackElo "2495"]
[WhiteTeam "BCA Augsburg"]
[BlackTeam "Hamburger SK"]
[WhiteFideId "938190"]
[BlackFideId "14900017"]
[EventDate "2022.03.05"]

1. e4 c5 2. Nc3 a6 3. Nf3 d6 4. d4 cxd4 5. Nxd4 Nf6 6. Be2 e6 7. O-O Be7 8. Be3
O-O 9. f4 Qc7 10. Bf3 Nc6 11. Qe1 Nxd4 12. Bxd4 e5 13. Be3 b5 14. Qg3 Kh8 15.
Rad1 Bb7 16. a3 Rac8 17. Rd2 Qb8 18. Kh1 a5 19. Nd5 Nxd5 20. exd5 Bf6 21. Be4
Rc4 22. Bd3 Bxd5 23. Bxc4 Bxc4 24. Rfd1 d5 25. b3 d4 26. bxc4 dxe3 27. Qxe3 bxc4
28. fxe5 Bxe5 29. Qc5 Kg8 30. Qxf8+ Qxf8 31. Rd8 Bb2 32. a4 Ba3 33. R1d7 c3 34.
Kg1 g6 35. Rxf8+ Kxf8 36. Rc7 Bb4 37. Kf2 h5 38. Ke2 Kg7 39. Rc4 f5 40. Rxb4
axb4 41. a5 1-0

[Event "Bundesliga 2021-22"]
[Site "Hamburg GER"]
[Date "2022.05.28"]
[Round "9.1"]
[Board "6"]
[White "Heinemann, Thies"]
[Black "Schmittdiel, Eckhard"]
[Result "1-0"]
[WhiteTitle "GM"]
[BlackTitle "GM"]
[WhiteElo "2495"]
[BlackElo "2402"]
[WhiteTeam "Hamburger SK"]
[BlackTeam "BCA Augsburg"]
[WhiteFideId "4601556"]
[BlackFideId "4600096"]
[EventDate "2022.03.05"]

1. e4 e6 2. Qe2 c5 3. Nf3 Nc6 4. g3 g6 5. Bg2 Bg7 6. O-O Nge7 7. c3 O-O 8. d3 e5
9. Rd1 d5 10. exd5 Nxd5 11. Nbd2 Re8 12. Nc4 h6 13. a4 Rb8 14. Nfd2 b6 15. Ne4
Be6 16. a5 Re7 17. axb6 axb6 18. Ne3 Nxe3 19. Bxe3 Na5 20. c4 Nb3 21. Ra3 Nd4
22. Bxd4 exd4 23. Qf3 Bc8 24. Rda1 Bb7 25. Qd1 Kh7 26. Nd2 Bxg2 27. Kxg2 Qc7 28.
Qf3 Qe5 29. Ra8 Rxa8 30. Rxa8 f5 31. h4 h5 32. Qc6 Qe6 33. Rc8 Qxc6+ 34. Rxc6
Re2 35. Nb3 Rxb2 36. Rxb6 Bf8 37. Rb7+ Kg8 38. Nxc5 Rd2 39. Ne6 Bh6 40. c5 Be3
41. c6 Rxf2+ 42. Kh3 Rc2 43. c7 Bg1 44. Rb2 1-0

[Event "Bundesliga 2021-22"]
[Site "Hamburg GER"]
[Date "2022.05.28"]
[Round "9.1"]
[Board "7"]
[White "Costa, Leonardo"]
[Black "Kramer, Julian"]
[Result "0-1"]
[WhiteTitle "FM"]
[BlackTitle "IM"]
[WhiteElo "2320"]
[BlackElo "2423"]
[WhiteTeam "BCA Augsburg"]
[BlackTeam "Hamburger SK"]
[WhiteFideId "16213955"]
[BlackFideId "12921742"]
[EventDate "2022.03.05"]

1. e4 c5 2. Nf3 d6 3. d4 cxd4 4. Nxd4 Nf6 5. Nc3 Nc6 6. Bg5 e6 7. Qd2 a6 8.
O-O-O Bd7 9. f4 Be7 10. Nf3 b5 11. Bxf6 Bxf6 12. Qxd6 Be7 13. Qd2 b4 14. Na4 Rb8
15. Bc4 Qc7 16. Bb3 Na5 17. Kb1 Bb5 18. Qd4 O-O 19. Qe5 Qc8 20. Rd2 Bf6 21. Qc5
Bxa4 22. Qxc8 Rfxc8 23. Bxa4 Nc4 24. Re2 Bxb2 25. Bb3 Bc3 26. Kc1 Kf8 27. f5 e5
28. Rd1 Ke7 29. Rd5 Rb5 30. Rxb5 axb5 31. Ne1 Rc6 32. Nd3 Rh6 33. g3 Kd6 34. Rf2
Rh3 35. Re2 f6 36. Kd1 h5 37. Rf2 h4 38. gxh4 Rxh4 39. Re2 Rg4 40. Ne1 Rg1 41.
Bxc4 bxc4 42. Re3 Kc5 0-1

[Event "Bundesliga 2021-22"]
[Site "Hamburg GER"]
[Date "2022.05.28"]
[Round "9.1"]
[Board "8"]
[White "Woelk, Tom-Frederic"]
[Black "Pitl, Gregory"]
[Result "1/2-1/2"]
[WhiteTitle "FM"]
[BlackTitle "IM"]
[WhiteElo "2348"]
[BlackElo "2379"]
[WhiteTeam "Hamburger SK"]
[BlackTeam "BCA Augsburg"]
[WhiteFideId "12993077"]
[BlackFideId "4651693"]
[EventDate "2022.03.05"]

1. d4 d5 2. c4 e6 3. Nc3 Nf6 4. cxd5 exd5 5. Bg5 Be7 6. e3 O-O 7. Bd3 h6 8. Bh4
Re8 9. Nge2 c6 10. O-O Nbd7 11. Qc2 Nh5 12. Bxe7 Qxe7 13. Rab1 Nb6 14. b4 a6 15.
a4 Bg4 16. Rfc1 Nf6 17. b5 cxb5 18. axb5 a5 19. h3 Bd7 20. Na4 Nxa4 21. Qxa4 Qd6
22. Rb3 b6 23. Qa3 Qxa3 24. Rxa3 Rec8 25. Rxc8+ Rxc8 26. Nc3 Kf8 27. Na4 Rb8 28.
f3 Ne8 29. Kf2 Nc7 30. Nc3 f5 31. g4 g6 32. Rb3 1/2-1/2

[Event "Bundesliga 2021-22"]
[Site "Hamburg GER"]
[Date "2022.05.28"]
[Round "9.2"]
[Board "1"]
[White "Nisipeanu, Liviu-Dieter"]
[Black "Esipenko, Andrey"]
[Result "1/2-1/2"]
[WhiteTitle "GM"]
[BlackTitle "GM"]
[WhiteElo "2652"]
[BlackElo "2723"]
[WhiteTeam "USV TU Dresden"]
[BlackTeam "SK Doppelbauer Turm Kiel"]
[WhiteFideId "1202758"]
[BlackFideId "24175439"]
[EventDate "2022.03.05"]

1. d4 Nf6 2. c4 e6 3. Nc3 Bb4 4. e3 O-O 5. Bd3 d5 6. a3 Bxc3+ 7. bxc3 dxc4 8.
Bxc4 c5 9. Nf3 Qc7 10. Be2 b6 11. O-O Ba6 12. Bxa6 Nxa6 13. Qe2 Qb7 14. c4 Nb8
15. Bb2 Nbd7 16. a4 Rfc8 17. Nd2 cxd4 18. exd4 a6 19. Ra3 Qc6 20. Rc1 Rab8 21.
h3 Qd6 22. Rb3 Qc6 23. Ra3 Qd6 24. Rb3 Qc6 25. Rg3 Qxa4 26. Ne4 Nxe4 27. Qxe4
Qb4 28. Ba3 Qd2 29. Rc2 Qd1+ 30. Kh2 b5 31. Rc1 Qd2 32. Rc2 Qd1 33. Rc1 Qd2 34.
Rc2 Qd1 1/2-1/2

[Event "Bundesliga 2021-22"]
[Site "Hamburg GER"]
[Date "2022.05.28"]
[Round "9.2"]
[Board "2"]
[White "Lupulescu, Constantin"]
[Black "Bartel, Mateusz"]
[Result "1/2-1/2"]
[WhiteTitle "GM"]
[BlackTitle "GM"]
[WhiteElo "2622"]
[BlackElo "2616"]
[WhiteTeam "SK Doppelbauer Turm Kiel"]
[BlackTeam "USV TU Dresden"]
[WhiteFideId "1207822"]
[BlackFideId "1112635"]
[EventDate "2022.03.05"]

1. d4 d5 2. c4 c6 3. Nf3 Nf6 4. e3 Bf5 5. Nc3 e6 6. Nh4 Be4 7. f3 Bg6 8. Qb3 Qc7
9. Bd2 Be7 10. O-O-O a6 11. c5 Nbd7 12. Na4 e5 13. g4 O-O 14. Nxg6 fxg6 15. h4
Rab8 16. Bh3 Kh8 17. Qc2 Rbe8 18. Kb1 Bd8 19. Be1 exd4 20. exd4 Rf7 21. h5 g5
22. Bf1 h6 23. Bd3 Nf8 24. Bf5 Qb8 25. Qg2 1/2-1/2

[Event "Bundesliga 2021-22"]
[Site "Hamburg GER"]
[Date "2022.05.28"]
[Round "9.2"]
[Board "3"]
[White "Gajewski, Grzegorz"]
[Black "Khenkin, Igor"]
[Result "1-0"]
[WhiteTitle "GM"]
[BlackTitle "GM"]
[WhiteElo "2589"]
[BlackElo "2509"]
[WhiteTeam "USV TU Dresden"]
[BlackTeam "SK Doppelbauer Turm Kiel"]
[WhiteFideId "1116207"]
[BlackFideId "4659600"]
[EventDate "2022.03.05"]

1. e4 c6 2. d4 d5 3. e5 c5 4. Nf3 cxd4 5. Qxd4 Nc6 6. Qf4 e6 7. Bd3 Nb4 8. Nc3
Bd7 9. Bd2 Qb6 10. O-O Nxd3 11. cxd3 Nh6 12. h4 Qa6 13. d4 Qd3 14. Rfe1 Be7 15.
Ne2 Rc8 16. Ng3 Qg6 17. a3 Qg4 18. Qxg4 Nxg4 19. Bb4 Bxb4 20. axb4 a6 21. Rac1
Ke7 22. Nh5 g6 23. Nf4 Rxc1 24. Rxc1 Rc8 25. Rxc8 Bxc8 26. Nh2 Nxh2 27. Kxh2 Bd7
28. Kg3 Ba4 29. Kf3 Kd7 30. Ke3 Kc6 31. Kd2 Kb5 32. Kc3 Bd1 33. f3 h6 34. h5 g5
35. Nh3 g4 36. Nf2 Bxf3 37. gxf3 g3 38. Nh3 g2 39. Kb3 b6 40. Ng1 a5 41. bxa5
bxa5 42. Ne2 a4+ 43. Ka3 1-0

[Event "Bundesliga 2021-22"]
[Site "Hamburg GER"]
[Date "2022.05.28"]
[Round "9.2"]
[Board "4"]
[White "Gavrilescu, David"]
[Black "Pechac, Jergus"]
[Result "1/2-1/2"]
[WhiteTitle "IM"]
[BlackTitle "GM"]
[WhiteElo "2512"]
[BlackElo "2599"]
[WhiteTeam "SK Doppelbauer Turm Kiel"]
[BlackTeam "USV TU Dresden"]
[WhiteFideId "1227190"]
[BlackFideId "14926970"]
[EventDate "2022.03.05"]

1. e4 e5 2. Nf3 Nc6 3. d4 exd4 4. Nxd4 Nf6 5. Nxc6 bxc6 6. Bd3 d5 7. exd5 cxd5
8. O-O Be7 9. c4 O-O 10. cxd5 Nxd5 11. Be4 c6 12. Nc3 Be6 13. Qc2 h6 14. Bd2 Nb4
15. Qd1 Bf6 16. Be3 Nd5 17. Bxd5 Bxd5 18. Nxd5 Qxd5 19. Qxd5 cxd5 20. Rad1 Bxb2
21. Rxd5 a5 22. Rb1 Rfb8 23. a4 Rb4 24. Rb5 Bc3 25. R1xb4 axb4 26. a5 b3 27.
Rxb3 Bxa5 1/2-1/2

[Event "Bundesliga 2021-22"]
[Site "Hamburg GER"]
[Date "2022.05.28"]
[Round "9.2"]
[Board "5"]
[White "Vogel, Roven"]
[Black "Meshkovs, Nikita"]
[Result "1/2-1/2"]
[WhiteTitle "IM"]
[BlackTitle "GM"]
[WhiteElo "2447"]
[BlackElo "2561"]
[WhiteTeam "USV TU Dresden"]
[BlackTeam "SK Doppelbauer Turm Kiel"]
[WhiteFideId "12908088"]
[BlackFideId "11602740"]
[EventDate "2022.03.05"]

1. d4 Nf6 2. c4 e6 3. Nf3 d5 4. Nc3 dxc4 5. e3 a6 6. a4 c5 7. Bxc4 Nc6 8. O-O
Be7 9. Qe2 cxd4 10. Rd1 e5 11. exd4 exd4 12. Nxd4 Nxd4 13. Qe5 Qd6 14. Qxd4 Qxd4
15. Rxd4 Bc5 16. Rd1 Be6 17. Bxe6 fxe6 18. Bf4 Kf7 19. Kf1 Rac8 20. Bd6 Rhd8 21.
Bxc5 Rxd1+ 22. Rxd1 Rxc5 23. Rd6 Ke7 24. Rb6 Rc7 25. Ke2 Nd7 26. Rb4 Ne5 27. f4
Nc4 28. Kd3 Nd6 29. Ne4 Nf5 30. Rb6 Rd7+ 31. Ke2 Nd4+ 32. Ke3 Nf5+ 33. Kf2 Rd4
34. Rxb7+ Kd8 35. Nc5 Rxf4+ 36. Kg1 Rc4 37. Nxe6+ Kc8 38. Rf7 g6 39. Rxh7 Rc6
40. Nf4 Rc1+ 41. Kf2 Rc2+ 42. Kf3 g5 43. Nd3 Nh4+ 44. Ke4 Nxg2 45. b4 Rc4+ 46.
Ke5 a5 47. Rg7 Nf4 48. Nxf4 gxf4 49. bxa5 Rxa4 50. Rg2 f3 51. Rd2 Rxa5+ 52. Kf4
Ra7 53. h4 f2 54. Rxf2 Rf7+ 55. Kg3 Rxf2 56. Kxf2 Kd8 57. h5 Ke8 58. h6 Kf8 59.
h7 Kg7 60. h8=Q+ Kxh8 1/2-1/2

[Event "Bundesliga 2021-22"]
[Site "Hamburg GER"]
[Date "2022.05.28"]
[Round "9.2"]
[Board "6"]
[White "Pakleza, Zbigniew"]
[Black "Druska, Juraj"]
[Result "0-1"]
[WhiteTitle "GM"]
[BlackTitle "IM"]
[WhiteElo "2500"]
[BlackElo "2503"]
[WhiteTeam "SK Doppelbauer Turm Kiel"]
[BlackTeam "USV TU Dresden"]
[WhiteFideId "1119290"]
[BlackFideId "14915650"]
[EventDate "2022.03.05"]

1. Nf3 d5 2. c4 e6 3. g3 Nf6 4. Bg2 dxc4 5. Qa4+ Bd7 6. Qxc4 c5 7. Ne5 Qc8 8.
O-O Nc6 9. Nxd7 Qxd7 10. Nc3 Rc8 11. Rd1 Be7 12. d3 O-O 13. Kf1 Rfd8 14. Qa4 Nd5
15. Nxd5 exd5 16. Be3 b6 17. a3 h5 18. Rac1 Qe6 19. b4 Ne5 20. Bf4 Ng6 21. Bd2
h4 22. bxc5 bxc5 23. Be1 Ne5 24. Kg1 h3 25. Bh1 c4 26. d4 Ng4 27. Qc2 f5 28. Rb1
Rb8 29. Bf3 Nf6 30. Bd2 Ne4 31. Bf4 Bd6 32. Bxd6 Qxd6 33. Bxe4 fxe4 34. Qc3 Rxb1
35. Rxb1 Rb8 36. Ra1 Rb3 37. Qc1 Qb6 38. Qf1 Qe6 39. a4 Rb2 40. Qc1 Rxe2 41. Kf1
Qg4 42. Ra3 Rb2 43. Re3 Rb8 44. a5 Qf5 45. a6 Qf6 46. Qa1 Rf8 47. f4 Rb8 48. Qd1
Qxa6 49. Qh5 c3+ 50. Re2 Qc6 51. Rc2 Qc4+ 0-1

[Event "Bundesliga 2021-22"]
[Site "Hamburg GER"]
[Date "2022.05.28"]
[Round "9.2"]
[Board "7"]
[White "Maiwald, Jens-Uwe"]
[Black "Barseghyan, Armen Ar."]
[Result "1/2-1/2"]
[WhiteTitle "GM"]
[BlackTitle "IM"]
[WhiteElo "2426"]
[BlackElo "2348"]
[WhiteTeam "USV TU Dresden"]
[BlackTeam "SK Doppelbauer Turm Kiel"]
[WhiteFideId "4612396"]
[BlackFideId "13306707"]
[EventDate "2022.03.05"]

1. e4 c5 2. Nf3 Nc6 3. Bb5 g6 4. O-O Bg7 5. c3 Nf6 6. Re1 O-O 7. h3 Qb6 8. a4 a6
9. Bf1 Rd8 10. d4 cxd4 11. cxd4 d5 12. e5 Ne4 13. Nc3 Be6 14. Ne2 Rac8 15. Nf4
Nb4 16. Qb3 a5 17. Be3 Rc6 18. Nxe6 fxe6 19. Rac1 Rdc8 20. Bd3 Rxc1 21. Bxc1 Qc6
22. Bb5 Qxc1 23. Rxc1 Rxc1+ 24. Kh2 Bh6 25. Bd7 Kf7 26. h4 Nxf2 27. Ng5+ Kg7 28.
Qf3 Rh1+ 29. Kg3 Bxg5 30. Kxf2 Rxh4 31. g3 Rxd4 32. Bxe6 Nd3+ 33. Kf1 Nxe5 34.
Qc3 Rd1+ 35. Kg2 Rd2+ 36. Kh3 Kf6 37. Bc8 h5 38. Qxa5 Kg7 39. Be6 Kf6 40. Bxd5
Rxb2 41. Bxb7 Rb3 42. Bd5 Re3 43. Kg2 Nd3 44. Qc3+ Kf5 45. Qc8+ Ke5 46. Bc4 Re2+
47. Kh1 Re1+ 48. Kg2 Re2+ 49. Kh1 Re1+ 50. Kg2 Re2+ 51. Kh1 Nf2+ 52. Kg1 Rd2 53.
Qc5+ Ke4 54. Bf1 Nh3+ 55. Kh1 Nf2+ 56. Kg1 Be3 57. Bg2+ Kd3 58. Qa3+ Kd4 59.
Qb4+ Ke5 60. Qxe7+ Kd4 61. Qb4+ Kd3 62. Qb3+ Kd4 63. Qb4+ Kd3 64. Qb3+ Ke2 65.
Bf1+ Kf3 66. Bg2+ Ke2 67. Bf1+ Kf3 68. Bg2+ Ke2 69. Bf1+ 1/2-1/2

[Event "Bundesliga 2021-22"]
[Site "Hamburg GER"]
[Date "2022.05.28"]
[Round "9.2"]
[Board "8"]
[White "Arndt, Magnus"]
[Black "Hoffmann, Paul"]
[Result "1-0"]
[WhiteTitle "FM"]
[BlackTitle "IM"]
[WhiteElo "2345"]
[BlackElo "2378"]
[WhiteTeam "SK Doppelbauer Turm Kiel"]
[BlackTeam "USV TU Dresden"]
[WhiteFideId "12998656"]
[BlackFideId "4664450"]
[EventDate "2022.03.05"]

1. d4 Nf6 2. c4 e6 3. g3 Bb4+ 4. Nd2 O-O 5. Bg2 d5 6. Nf3 Be7 7. O-O a5 8. Qc2
c5 9. cxd5 exd5 10. dxc5 Na6 11. c6 bxc6 12. Qxc6 Bd7 13. Qc2 Rc8 14. Qd1 Nc5
15. Nd4 Qb6 16. N2b3 Na4 17. Nf3 Qa6 18. Ne5 Be8 19. Nd3 Ne4 20. Qe1 Bd8 21. Be3
Bb5 22. Rd1 Bf6 23. Bd4 Rfe8 24. Bxf6 Nxf6 25. Qd2 Nb6 26. Nd4 Nc4 27. Qf4 Bd7
28. Rc1 Qb6 29. b3 Nd6 30. Rxc8 Bxc8 31. Rc1 Nde4 32. e3 Ba6 33. Ne5 Qb4 34.
Nef3 Qa3 35. Re1 Qxa2 36. Ng5 Qd2 37. Ra1 Rc8 38. h3 Bd3 39. Nf5 Qb4 40. Nxe4
Bxe4 41. Bxe4 dxe4 42. Qg5 Qf8 43. Rxa5 Rb8 44. Ra7 Kh8 45. Nh6 gxh6 46. Qxf6+
Qg7 47. Rxf7 Qxf6 48. Rxf6 Rxb3 49. Rxh6 Kg7 50. Re6 Rb4 51. g4 Kf7 52. Re5 1-0

[Event "Bundesliga 2021-22"]
[Site "Baden Baden GER"]
[Date "2022.05.28"]
[Round "9.3"]
[Board "1"]
[White "Huschenbeth, Niclas"]
[Black "Vallejo Pons, Francisco"]
[Result "0-1"]
[WhiteTitle "GM"]
[BlackTitle "GM"]
[WhiteElo "2611"]
[BlackElo "2704"]
[WhiteTeam "FC Bayern Muenchen"]
[BlackTeam "OSG Baden-Baden"]
[WhiteFideId "24604747"]
[BlackFideId "2205530"]
[EventDate "2022.03.05"]

1. e4 e6 2. d4 d5 3. Nc3 Nf6 4. e5 Nfd7 5. f4 c5 6. Nf3 Nc6 7. Be3 Be7 8. Qd2 a6
9. dxc5 Nxc5 10. a3 O-O 11. Qf2 Qa5 12. O-O-O Nd7 13. Ne2 b5 14. Ned4 Nxd4 15.
Nxd4 Qc7 16. Bd3 Rb8 17. Kb1 Nc5 18. f5 f6 19. exf6 Rxf6 20. Bg5 e5 21. Bxf6
Bxf6 22. Qg3 b4 23. axb4 Rxb4 24. c3 Rb7 25. Ne6 Bxe6 26. fxe6 Na4 27. Kc1 Nxb2
28. Bxh7+ Kxh7 29. Rxd5 Qc4 30. Rd7 Rb3 31. Kc2 Na4 32. Qd3+ Qxd3+ 33. Kxd3 e4+
34. Ke2 Rb6 35. e7 Re6 36. c4 Bxe7 37. Rf1 Bf6 38. Rf5 Kg6 39. g4 e3 40. Rd3
Nc3+ 0-1

[Event "Bundesliga 2021-22"]
[Site "Baden Baden GER"]
[Date "2022.05.28"]
[Round "9.3"]
[Board "2"]
[White "Adams, Michael"]
[Black "Santos Latasa, Jaime"]
[Result "1/2-1/2"]
[WhiteTitle "GM"]
[BlackTitle "GM"]
[WhiteElo "2698"]
[BlackElo "2648"]
[WhiteTeam "OSG Baden-Baden"]
[BlackTeam "FC Bayern Muenchen"]
[WhiteFideId "400041"]
[BlackFideId "2293307"]
[EventDate "2022.03.05"]

1. e4 e5 2. Nf3 Nc6 3. Bb5 a6 4. Ba4 Nf6 5. O-O Nxe4 6. d4 b5 7. Bb3 d5 8. dxe5
Be6 9. Nbd2 Be7 10. c3 Nc5 11. Bc2 d4 12. Nb3 d3 13. Nxc5 dxc2 14. Qxd8+ Rxd8
15. Nxe6 fxe6 16. Be3 Rd5 17. Rfc1 Nxe5 18. Nxe5 Rxe5 19. Rxc2 Kf7 20. Kf1 Rd8
21. c4 b4 22. Rd2 Rxd2 23. Bxd2 a5 24. Re1 Rc5 25. Re4 Rc6 26. Ke2 a4 27. Be3
Bc5 28. Bf4 Bd6 29. Kd3 Rb6 30. c5 Bxc5 31. Bxc7 Rb7 32. Be5 g5 33. f3 Be7 34.
Rc4 Rd7+ 35. Rd4 Rb7 36. Rc4 Rd7+ 37. Rd4 Rb7 38. Ke4 h5 39. h3 Rb5 40. Rc4 Rd5
41. Bd4 Rd7 42. g4 hxg4 43. hxg4 Rb7 44. b3 axb3 45. axb3 Rb5 46. Rc7 Rd5 47.
Ra7 Ke8 48. Ra6 Kf7 49. Ra8 Rd7 50. Ra5 Rd8 51. Rb5 Rd7 52. Ra5 Rd8 53. Ra7 Rd5
54. Ra8 Rd7 55. Ra5 Rd8 56. Be3 Rd1 57. Bxg5 Bxg5 58. Rxg5 Rb1 59. Rb5 Rxb3 60.
Kf4 Kg6 61. Rb6 Kf7 62. Rb7+ Kg6 63. Rb6 Kf7 64. Rb8 Kg6 65. Rb6 1/2-1/2